| 000 | 01239cam a2200373 a 4500 | ||
|---|---|---|---|
| 001 | 550124 | ||
| 003 | OSt | ||
| 005 | 20140310182654.0 | ||
| 008 | 881028s1989 njua b 001 0 eng | ||
| 010 | _a 88039178 | ||
| 020 | _a013360876X | ||
| 040 |
_aDLC _cDLC _dDLC |
||
| 043 | _an-us--- | ||
| 050 | 0 | 0 |
_aJK 274 _b.B967 1989 |
| 082 | 0 | 0 |
_aM 320.973 _221 _bB93 1989 |
| 100 | 1 | _aBurns, James MacGregor. | |
| 245 | 1 | 0 |
_aGovernment by the people _cBurns, James MacGregor |
| 250 | _a13th alternate ed., national, state, and local version | ||
| 260 |
_aEnglewood Cliffs, N.J. _bPrentice Hall _cc1989 |
||
| 300 |
_axii, 786 p. _bill. (some col.) _c26 cm. |
||
| 500 | _aMaps on lining papers. | ||
| 504 | _aIncludes bibliographical references and index. | ||
| 521 | _aCollege student | ||
| 526 | _c1210L to 1700L | ||
| 541 | _j1 | ||
| 562 | _efor circulation. 1 copy available in the collection | ||
| 650 | 0 |
_aState governments _xUnited States. |
|
| 650 | 0 |
_aLocal government _zUnited States. |
|
| 651 | 0 |
_aUnited States _xPolitics and government. |
|
| 700 | 1 |
_aPeltason, J. W. _q(Jack Walter), _d1923- |
|
| 700 | 1 | _aCronin, Thomas E. | |
| 906 |
_a7 _bcbc _corignew _d1 _eocip _f19 _gy-gencatlg |
||
| 942 |
_2lcc _cBK _kM |
||
| 999 |
_c15100 _d15100 |
||